Statistics for Country flags with crosses part 2

Click here to take the quiz!

General Stats

  • This quiz has been taken 5 times
  • The average score is 9 of 14

Answer Stats

Answer% Correct
England
100%
Scotland
100%
Faroe Islands
80%
Guernsey
80%
Jersey
80%
Åland
60%
Madeira
60%
Martinique
60%
Northern Ireland
60%
Sardinia
60%
Alderney
40%
Basque Country
40%
Bornholm
40%
Smaaland
40%

Score Distribution

Percentile by Number Answered

Percent of People with Each Score

Your Score History

You have not taken this quiz